LEADER 01327nam a2200289 u 4500 001 000000000293 003 CaOOAMICUS 005 20070226104202.0 008 940513s1975 it u000 u lat u 035 $a10005034 040 $aPUL$bita 041 0 $alat$bita 110 2 $aCarmelitani.$0(OLS)http://pul/name/273 245 10$aAtti dei capitoli provinciali di Toscana dei carmelitani, 1375-1491 /$ca cura di Andrea Sabatini ; introduzione di Ludovico Saggi. 260 $aRoma :$bInstitutum Carmelitanum,$c1975. 300 $a386 p. ;$c24 cm 490 1 $aArchivum historicum carmelitanum ;$v4 500 $aTesto latino con introduzione in italiano. 610 24$aCarmelitani$zToscana (Italia).$0(OLS)http://pul/subject/292 700 1 $aSaggi, Ludovico,$cO. Carm.,$d1921-1988.$0(OLS)http://pul/name/275 700 1 $aSabatini, Andrea,$cO.C.$0(OLS)http://pul/name/274 830 0$aArchivum historicum carmelitanum ;$v4.$0(OLS)http://pul/title/333 850 $aPUL 852 $aPUL$W1$xSL Filosofia 1$y2$m135(1) C 1$j287$nBK-PRI$b $qStampati$B287$CPULBib$Z2$F287 $HPUL43873 $81 941 1 $a8 996 $6245$aAtti dei capitoli provinciali di Toscana dei carmelitani, 1375-1491$9(OLS)http://pul/title/332 996 $6260$aRoma :$bInstitutum Carmelitanum$9(OLS)http://pul/publisher/48005 LEADER 01551nam a2200337 u 4500 001 000000053778 003 CaOOAMICUS 005 20070226115610.0 008 001121s1966 fr u000 u fre u 035 $a10861992 040 $aPUL(R)$bita$dPUL(R) 100 1 $aNicolas, Jean Hervé,$cO.P.,$d1910-$0(OLS)http://pul/name/12206 245 10$aDieu connu comme inconnu :$bessai d'une critique de la connaissance théologique /$cJ.-H. Nicolas. 260 $aParis :$bDesclée de Brouwer,$cc1966. 300 $a431 p. ;$c20 cm 490 1 $aBibliothèque française de philosophie 500 $aContiene indici. 504 $aBibliografia in nota. 650 4$aDio.$0(OLS)http://pul/subject/3878 650 4$aTeologia fondamentale.$0(OLS)http://pul/subject/146 830 0$aBibliothèque française de philosophie.$0(OLS)http://pul/title/7899 850 $aPUL 852 $aPUL$W1$xDP1 Fondo Giannini$y60$m1556 B 26$j70894$nBK-PRI$b $qFondi$B70894$CPULBib$Z2$F70894 $81 852 $aPUL$W1$xSL Religione 1$y3$m65 B 31$j70895$nBK-PRI$b $qStampati$B70895$CPULBib$Z2$F70895 $81 852 $aPUL$W1$xDP1 Fondo Bordoni$y120$m3 C 71$j162916$b3a copia$qFondi$B173068$CPULBib$Z2$F173068 $HBor2030 $81 941 1 $a1 941 1 $a8 961 $aINV: Fondo G. Giannini 961 $aINV: 28299 996 $6245$aDieu connu comme inconnu :$bessai d'une critique de la connaissance théologique$9(OLS)http://pul/title/72127 996 $6260$aParis :$bDesclée de Brouwer$9(OLS)http://pul/publisher/49456